Advances in Information and Communication Technology (Запис № 445202)

МАРК-запис
000 -LEADER
fixed length control field 04822nam a22006015i 4500
001 - CONTROL NUMBER
control field 978-3-319-49073-1
003 - CONTROL NUMBER IDENTIFIER
control field DE-He213
005 - DATE AND TIME OF LATEST TRANSACTION
control field 20210118121540.0
007 - PHYSICAL DESCRIPTION FIXED FIELD--GENERAL INFORMATION
fixed length control field cr nn 008mamaa
008 - FIXED-LENGTH DATA ELEMENTS--GENERAL INFORMATION
fixed length control field 161111s2017 gw | s |||| 0|eng d
020 ## - INTERNATIONAL STANDARD BOOK NUMBER
International Standard Book Number 9783319490731
-- 978-3-319-49073-1
024 7# - OTHER STANDARD IDENTIFIER
Standard number or code 10.1007/978-3-319-49073-1
Source of number or code doi
050 #4 - LIBRARY OF CONGRESS CALL NUMBER
Classification number Q342
072 #7 - SUBJECT CATEGORY CODE
Subject category code UYQ
Source bicssc
072 #7 - SUBJECT CATEGORY CODE
Subject category code TEC009000
Source bisacsh
072 #7 - SUBJECT CATEGORY CODE
Subject category code UYQ
Source thema
082 04 - DEWEY DECIMAL CLASSIFICATION NUMBER
Classification number 006.3
Edition number 23
245 10 - TITLE STATEMENT
Title Advances in Information and Communication Technology
Medium [electronic resource] :
Remainder of title Proceedings of the International Conference, ICTA 2016 /
Statement of responsibility, etc edited by Masato Akagi, Thanh-Thuy Nguyen, Duc-Thai Vu, Trung-Nghia Phung, Van-Nam Huynh.
250 ## - EDITION STATEMENT
Edition statement 1st ed. 2017.
264 #1 -
-- Cham :
-- Springer International Publishing :
-- Imprint: Springer,
-- 2017.
300 ## - PHYSICAL DESCRIPTION
Extent XVII, 661 p. 290 illus.
Other physical details online resource.
336 ## -
-- text
-- txt
-- rdacontent
337 ## -
-- computer
-- c
-- rdamedia
338 ## -
-- online resource
-- cr
-- rdacarrier
347 ## -
-- text file
-- PDF
-- rda
490 1# - SERIES STATEMENT
Series statement Advances in Intelligent Systems and Computing,
Міжнародний стандартний серійний номер для назви серії (ISSN) 2194-5357 ;
Том/ позначення послідовності 538
505 0# - FORMATTED CONTENTS NOTE
Formatted contents note A New Neuro-fuzzy Inference System for Insurance Forecasting -- Swarm Intelligence-based Approach for Macroscopic Scale Odor Source Localization Using Multi-robot System -- Quality Improvement of Vietnamese HMM-based Speech Synthesis System Based on Decomposition of Naturalness and Intelligibility Using Non-negative Matrix Factorization -- Predicting Early Crop Production by Analysing Prior Environment Factors -- An Evolutionary-based Term Reduction Approach to Bilingual Clustering of Malay-English Corpora -- Estimation Localization in Wireless Sensor Network Based on Multi-Objective Grey Wolf Optimizer -- New Block Ciphers for Wireless Mobile Networks -- Managing Secure Personal Mobile Health Information -- Design Adaptive-CTC Controller for Tracking Target Used Mobile Robot-pan Tilt-stereo Camera System -- A Study on Fitness Representation in Genetic Programming -- Comparing Modified PSO Algorithms for MRS in Unknown Environment Exploration -- Toward Cyber Security Architecture Framework.>.
520 ## - SUMMARY, ETC.
Summary, etc This book features papers presented at the International Conference on Advances in Information and Communication Technology (ICTA 2016), which was held in Thai Nguyen city, Vietnam, from December 1 to 13, 2016. The conference was jointly organized by Thai Nguyen University of Information and Communication Technology (ICTU), the Institute of Information Technology – Vietnam Academy of Science and Technology (IoIT), Feng Chia University, Taiwan (FCU), the Japan Advanced Institute of Science and Technology (JAIST) and the National Chung Cheng University, Taiwan (CCU) with the aim of bringing together researchers, academics, practitioners and students to not only share research results and practical applications but also to foster collaboration in information and communication technology research and education. The book includes the 66 best peer-reviewed papers, selected from the 150 submissions received.
506 ## - RESTRICTIONS ON ACCESS NOTE
Terms governing access Available to subscribing member institutions only. Доступно лише організаціям членам підписки.
506 ## - RESTRICTIONS ON ACCESS NOTE
Standardized terminology for access restriction Online access from local network of NaUOA.
506 ## - RESTRICTIONS ON ACCESS NOTE
Standardized terminology for access restriction Online access with authorization at https://link.springer.com/
506 ## - RESTRICTIONS ON ACCESS NOTE
Standardized terminology for access restriction Онлайн-доступ з локальної мережі НаУОА.
506 ## - RESTRICTIONS ON ACCESS NOTE
Standardized terminology for access restriction Онлайн доступ з авторизацією на https://link.springer.com/
650 #0 - SUBJECT ADDED ENTRY--TOPICAL TERM
Topical term or geographic name as entry element Computational intelligence.
650 #0 - SUBJECT ADDED ENTRY--TOPICAL TERM
Topical term or geographic name as entry element Artificial intelligence.
650 14 - SUBJECT ADDED ENTRY--TOPICAL TERM
Topical term or geographic name as entry element Computational Intelligence.
-- http://scigraph.springernature.com/things/product-market-codes/T11014
650 24 - SUBJECT ADDED ENTRY--TOPICAL TERM
Topical term or geographic name as entry element Artificial Intelligence.
-- http://scigraph.springernature.com/things/product-market-codes/I21000
700 1# - ADDED ENTRY--PERSONAL NAME
Personal name Akagi, Masato.
Relator term editor.
Relator code edt
-- http://id.loc.gov/vocabulary/relators/edt
700 1# - ADDED ENTRY--PERSONAL NAME
Personal name Nguyen, Thanh-Thuy.
Relator term editor.
Relator code edt
-- http://id.loc.gov/vocabulary/relators/edt
700 1# - ADDED ENTRY--PERSONAL NAME
Personal name Vu, Duc-Thai.
Relator term editor.
Relator code edt
-- http://id.loc.gov/vocabulary/relators/edt
700 1# - ADDED ENTRY--PERSONAL NAME
Personal name Phung, Trung-Nghia.
Relator term editor.
Relator code edt
-- http://id.loc.gov/vocabulary/relators/edt
700 1# - ADDED ENTRY--PERSONAL NAME
Personal name Huynh, Van-Nam.
Relator term editor.
Relator code edt
-- http://id.loc.gov/vocabulary/relators/edt
710 2# - ADDED ENTRY--CORPORATE NAME
Corporate name or jurisdiction name as entry element SpringerLink (Online service)
773 0# - HOST ITEM ENTRY
Title Springer eBooks
776 08 - ADDITIONAL PHYSICAL FORM ENTRY
Display text Printed edition:
International Standard Book Number 9783319490724
776 08 - ADDITIONAL PHYSICAL FORM ENTRY
Display text Printed edition:
International Standard Book Number 9783319490748
830 #0 - SERIES ADDED ENTRY--UNIFORM TITLE
Uniform title Advances in Intelligent Systems and Computing,
-- 2194-5357 ;
Volume number/sequential designation 538
856 40 - ELECTRONIC LOCATION AND ACCESS
Uniform Resource Identifier <a href="https://doi.org/10.1007/978-3-319-49073-1">https://doi.org/10.1007/978-3-319-49073-1</a>
912 ## -
-- ZDB-2-ENG
942 ## - ADDED ENTRY ELEMENTS (KOHA)
Koha item type ЕКнига

Немає доступних примірників.